🍊 Top 20 Orange producing countries - Statistics

General Stats
  • This quiz has been taken 344 times
  • The average score is 15 of 20
Answer Stats
Answer Tonnes % Correct
United States 4,845,391
97%
China 10,435,719
94%
India 9,509,000
92%
Brazil 17,073,593
90%
Mexico 4,736,715
90%
Spain 3,226,870
90%
Italy 1,650,210
88%
Turkey 1,700,000
83%
Argentina 1,026,367
79%
Egypt 3,197,046
77%
Greece 849,080
75%
Indonesia 2,563,485
72%
Iran 2,308,730
72%
Morocco 1,182,478
70%
Pakistan 1,615,198
66%
Algeria 1,199,535
62%
South Africa 1,686,455
59%
Vietnam 1,017,200
55%
Syria 706,324
44%
Ghana 775,705
14%
No matching quizzes found
Score Distribution
Percent of People with Each Score
Percentile by Number Answered
Your Score History
You have not taken this quiz